| 000 | 00537nam a22001817a 4500 | ||
|---|---|---|---|
| 003 | CEME | ||
| 005 | 20210628202745.0 | ||
| 008 | 210122b xxu||||| |||| 00| 0 eng d | ||
| 020 | _a0-07-058311-0 | ||
| 040 | _cceme | ||
| 082 | _a005.8 STR | ||
| 100 |
_aStrassberg, Keith.E,Gondek, Richard.J,Rollie, Gary _961452 |
||
| 245 | _aFirewalls the complete reference | ||
| 260 |
_aNEW DELHI _bTATA MCGRAW HILL _c2002 |
||
| 300 | _aXXVI,945 P | ||
| 650 |
_aFIREWALLS - HOW TO INSTALL AND MAINTAIN COMMON FIREWALLS _961453 |
||
| 942 |
_cBK _2ddc |
||
| 999 |
_c570899 _d570899 |
||